000 00888nam a2200205 i 4500
001 142978
003 ES-MaACL
005 20230906200700.0
007 t|
008 071011s1950 sp ||||1| spa d
100 1 _aVidaurreta Aparicio, José.
_9114546
245 1 3 _aEl cáncer puede ser curado :
_bestado actual de la lucha contra el cáncer : conferencia pronunciada en el Ateneo... 3 de abril de 1950 /
_cJosé Vidaurreta Aparicio, con la colaboración de F. Navidad Palacios.
260 _aMadrid :
_bConsejo General de los Colegios Oficiales de Auxiliares Sanitarios,
_c1950.
300 _a128 p. :
_bil. ;
_c25 cm.
595 _aRevista Medicina y cirugía auxiliar, abril 1950, año XI
610 2 4 _aAteneo de Madrid-
_vConferencias-
_y1940-1982.
_91908
650 4 _aCáncer-
_xPrevención.
_910720
700 1 _aNavidad Palacios, F.
_985231
852 4 _aES-MaACL
_j1908-F-19
999 _c142978
_d142978